|
|
|
|
| LEADER |
00000cam a2200000 7i4500 |
| 001 |
0000008802 |
| 005 |
20230714.0 |
| 008 |
151113 si # eng |
| 020 |
|
|
|a 9789812368553 (hbk)
|
| 040 |
|
|
|a INS
|
| 090 |
0 |
0 |
|a KPP66
|b .R53 2010
|
| 100 |
1 |
|
|a Ricquier, W. J. M.
|
| 245 |
1 |
0 |
|a Land law
|c W. J. M. Ricquier
|
| 250 |
|
|
|a Fourth Edition
|
| 260 |
|
|
|a Singapore :
|b Butterworth ,
|c 2010
|
| 300 |
|
|
|a xlvi, 349 p. ;
|c 26 cm.
|
| 504 |
|
|
|a Includes bibliographical references and index
|
| 650 |
|
0 |
|a Land use
|x Law and legislation
|z Singapore
|
| 650 |
|
0 |
|a Leases
|z Singapore
|
| 650 |
|
0 |
|a Real property
|z Singapore
|
| 650 |
|
0 |
|a Vendors and purchasers
|z Singapore
|
| 999 |
|
|
|a 1000002480
|b BOOK
|c Open Shelf
|e Default branch
|